[Event "DVM U14w 2019"]
[Site "Neumünster GER"]
[Date "2019.12.27"]
[Round "2"]
[White "Roncea, Andreea-Alexandra"]
[Black "Glowiak, Alexandra"]
[Result "1/2-1/2"]
[Termination "normal"]
[Board "3.1"]
[WhiteElo "1591"]
[BlackElo "1403"]
[WhiteClock "00:13:35"]
[BlackClock "00:35:47"]
[WhiteTeam "SC Papenburg"]
[BlackTeam "SV Traktor Priestewitz"]
[PlyCount "121"]
[WhiteFideId "16233115"]
[BlackFideId "16259530"]
[EventCountry "GER"]
[EventRounds "7"]
[EventType "team-swiss"]
[EventDate "2019.12.26"]

1. e4 {[%clk 1:30:58]} e5 {[%clk 1:30:54]} 2. Nf3 {[%clk 1:31:23]} Nc6 {[%clk
1:31:13]} 3. Bc4 {[%clk 1:31:37]} Bc5 {[%clk 1:31:33]} 4. d3 {[%clk 1:31:58]}
d6 {[%clk 1:31:39]} 5. c3 {[%clk 1:31:34]} Nf6 {[%clk 1:31:10]} 6. Bb3 {[%clk
1:30:56]} Bg4 {[%clk 1:31:02]} 7. O-O {[%clk 1:30:34]} O-O {[%clk 1:31:01]} 8.
Nbd2 {[%clk 1:30:29]} d5 {[%clk 1:26:02]} 9. exd5 {[%clk 1:26:43]} Nxd5 {[%clk
1:26:05]} 10. Ne4 {[%clk 1:25:51]} Bb6 {[%clk 1:25:07]} 11. h3 {[%clk 1:22:24]}
Bxf3 {[%clk 1:18:36]} 12. Qxf3 {[%clk 1:21:44]} Nce7 {[%clk 1:13:52]} 13. a3
{[%clk 1:10:58]} c6 {[%clk 1:12:52]} 14. c4 {[%clk 0:59:37]} Nc7 {[%clk
1:11:58]} 15. c5 {[%clk 0:57:20]} Ba5 {[%clk 1:11:08]} 16. Nd6 {[%clk 0:54:26]}
Ncd5 {[%clk 1:08:30]} 17. Nxb7 {[%clk 0:48:50]} Qc7 {[%clk 1:07:34]} 18. Nd6
{[%clk 0:45:22]} Qd7 {[%clk 1:01:47]} 19. Qg3 {[%clk 0:33:47]} Ng6 {[%clk
0:57:56]} 20. Qf3 {[%clk 0:25:30]} Nge7 {[%clk 0:57:07]} 21. Nc4 {[%clk
0:25:15]} Bc7 {[%clk 0:56:14]} 22. Re1 {[%clk 0:24:53]} Ng6 {[%clk 0:54:26]}
23. Be3 {[%clk 0:17:57]} Rad8 {[%clk 0:43:36]} 24. Rad1 {[%clk 0:14:56]} Rfe8
{[%clk 0:42:44]} 25. Bc2 {[%clk 0:13:22]} Re6 {[%clk 0:35:25]} 26. d4 {[%clk
0:10:53]} Rf6 {[%clk 0:33:52]} 27. Qg4 {[%clk 0:08:06]} Qxg4 {[%clk 0:33:15]}
28. hxg4 {[%clk 0:08:35]} Nxe3 {[%clk 0:33:06]} 29. fxe3 {[%clk 0:08:18]} exd4
{[%clk 0:27:48]} 30. Rxd4 {[%clk 0:06:25]} Rxd4 {[%clk 0:27:14]} 31. exd4
{[%clk 0:06:53]} Kf8 {[%clk 0:27:00]} 32. Bf5 {[%clk 0:04:58]} Ne7 {[%clk
0:26:17]} 33. Bc2 {[%clk 0:04:09]} Rf4 {[%clk 0:24:50]} 34. Re4 {[%clk
0:04:23]} Rxe4 {[%clk 0:24:52]} 35. Bxe4 {[%clk 0:04:52]} h6 {[%clk 0:24:09]}
36. Kf2 {[%clk 0:02:56]} f6 {[%clk 0:22:36]} 37. Ne3 {[%clk 0:02:02]} g6 {[%clk
0:19:14]} 38. b4 {[%clk 0:02:13]} a6 {[%clk 0:19:24]} 39. Bd3 {[%clk 0:02:07]}
a5 {[%clk 0:18:54]} 40. b5 {[%clk 0:01:52]} cxb5 {[%clk 0:18:58]} 41. Bxb5
{[%clk 0:02:08]} Nc8 {[%clk 0:16:41]} 42. d5 {[%clk 0:01:38]} Be5 {[%clk
0:15:34]} 43. d6 {[%clk 0:30:27]} Nxd6 {[%clk 0:44:38]} 44. cxd6 {[%clk
0:30:26]} Bxd6 {[%clk 0:45:02]} 45. a4 {[%clk 0:29:00]} Ke7 {[%clk 0:44:40]}
46. Nc4 {[%clk 0:28:39]} Bc7 {[%clk 0:44:22]} 47. Ke3 {[%clk 0:25:59]} Ke6
{[%clk 0:43:29]} 48. Be8 {[%clk 0:23:59]} f5 {[%clk 0:42:38]} 49. Bxg6 {[%clk
0:22:52]} fxg4 {[%clk 0:42:57]} 50. Ke4 {[%clk 0:20:35]} Kf6 {[%clk 0:41:50]}
51. Bf5 {[%clk 0:19:48]} h5 {[%clk 0:41:32]} 52. Ne3 {[%clk 0:19:32]} Kg5
{[%clk 0:39:55]} 53. Nf1 {[%clk 0:15:28]} Bb8 {[%clk 0:37:08]} 54. Be6 {[%clk
0:15:19]} Bc7 {[%clk 0:36:03]} 55. Bd7 {[%clk 0:14:13]} Bd8 {[%clk 0:35:21]}
56. Ng3 {[%clk 0:14:04]} Bc7 {[%clk 0:35:20]} 57. Nf1 {[%clk 0:13:57]} Bd8
{[%clk 0:35:22]} 58. Bf5 {[%clk 0:14:05]} Bc7 {[%clk 0:35:15]} 59. Bd7 {[%clk
0:14:04]} Bd8 {[%clk 0:35:24]} 60. Bf5 {[%clk 0:14:10]} Bc7 {[%clk 0:35:47]}
61. Bc8 {[%clk 0:13:35]} 1/2-1/2

[Event "DVM U14w 2019"]
[Site "Neumünster GER"]
[Date "2019.12.27"]
[Round "2"]
[White "Heintz, Lilly"]
[Black "Werner, Rosalie"]
[Result "0-1"]
[Termination "normal"]
[Board "4.1"]
[WhiteElo "1219"]
[BlackElo "1674"]
[WhiteClock "00:31:33"]
[BlackClock "01:05:10"]
[WhiteTeam "SC Leipzig-Lindenau"]
[BlackTeam "VSG 1880 Offenbach"]
[PlyCount "58"]
[WhiteFideId "16229550"]
[BlackFideId "16223748"]
[EventCountry "GER"]
[EventRounds "7"]
[EventType "team-swiss"]
[EventDate "2019.12.26"]

1. d4 {[%clk 1:30:59]} e6 {[%clk 1:30:49]} 2. Nf3 {[%clk 1:31:18]} d5 {[%clk
1:31:04]} 3. c4 {[%clk 1:30:11]} Nf6 {[%clk 1:31:23]} 4. Nc3 {[%clk 1:30:26]}
Be7 {[%clk 1:31:14]} 5. Bf4 {[%clk 1:29:15]} c6 {[%clk 1:31:04]} 6. e3 {[%clk
1:29:12]} Nbd7 {[%clk 1:30:41]} 7. cxd5 {[%clk 1:25:22]} exd5 {[%clk 1:30:49]}
8. g3 {[%clk 1:22:29]} O-O {[%clk 1:28:07]} 9. Bg2 {[%clk 1:22:32]} Qb6 {[%clk
1:27:09]} 10. Qc2 {[%clk 1:17:38]} Re8 {[%clk 1:23:53]} 11. O-O {[%clk
1:17:46]} Nf8 {[%clk 1:19:54]} 12. Rfe1 {[%clk 1:14:46]} Ne6 {[%clk 1:16:22]}
13. Ne2 {[%clk 1:13:49]} Ne4 {[%clk 1:15:02]} 14. Ne5 {[%clk 1:11:40]} g5
{[%clk 1:13:16]} 15. Bxe4 {[%clk 1:06:48]} dxe4 {[%clk 1:13:23]} 16. Qxe4
{[%clk 1:05:43]} Ng7 {[%clk 1:12:12]} 17. b3 {[%clk 0:58:05]} gxf4 {[%clk
1:12:07]} 18. Nxf4 {[%clk 0:57:07]} Bd6 {[%clk 1:11:43]} 19. Qg2 {[%clk
0:52:23]} Bxe5 {[%clk 1:11:18]} 20. dxe5 {[%clk 0:51:26]} Rxe5 {[%clk 1:11:21]}
21. Rad1 {[%clk 0:50:38]} Bf5 {[%clk 1:11:11]} 22. h4 {[%clk 0:50:11]} Rd8
{[%clk 1:11:23]} 23. Qf1 {[%clk 0:47:35]} Re7 {[%clk 1:10:42]} 24. Kh2 {[%clk
0:45:54]} Rxd1 {[%clk 1:07:44]} 25. Rxd1 {[%clk 0:45:57]} Rd7 {[%clk 1:07:50]}
26. Re1 {[%clk 0:44:27]} Rd2 {[%clk 1:08:00]} 27. Re2 {[%clk 0:42:30]} Qd8
{[%clk 1:07:21]} 28. Qa1 {[%clk 0:37:37]} Be4 {[%clk 1:04:54]} 29. Qc1 {[%clk
0:31:33]} Rd1 {[%clk 1:05:10]} 0-1

[Event "DVM U14w 2019"]
[Site "Neumünster GER"]
[Date "2019.12.27"]
[Round "2"]
[White "Becker, Linda"]
[Black "Prinzen, Siri Marleen"]
[Result "0-1"]
[Termination "normal"]
[Board "5.1"]
[WhiteElo "1617"]
[BlackElo "1631"]
[WhiteTeam "Schachgemeinschaft Porz e. V."]
[BlackTeam "SK Tarrasch 1945 München"]
[PlyCount "66"]
[WhiteFideId "16244753"]
[BlackFideId "16265912"]
[EventCountry "GER"]
[EventRounds "7"]
[EventType "team-swiss"]
[EventDate "2019.12.26"]

1. e4 c6 2. d4 d5 3. Nc3 dxe4 4. Nxe4 Nd7 5. Nf3 Ngf6 6. Nxf6+ Nxf6 7. Bd3 Bg4
8. c3 e6 9. Bf4 Nd5 10. Bg3 Be7 11. O-O O-O 12. h3 Bh5 13. Re1 c5 14. a3 cxd4
15. cxd4 Qb6 16. Rb1 Bxf3 17. Qxf3 Qxd4 18. Be5 Qh4 19. Re4 Qh6 20. Rg4 Bf6 21.
Bxf6 Qxf6 22. Qe4 g6 23. Bc4 Rfd8 24. Qe2 Rd7 25. Rd1 Rad8 26. Rgd4 Nf4 27.
Rxd7 Nxe2+ 28. Bxe2 Rxd7 29. Rxd7 Qxb2 30. Bf3 Qxa3 31. Rxb7 Kg7 32. Bg4 Kf6
33. Bf3 a5 0-1

[Event "DVM U14w 2019"]
[Site "Neumünster GER"]
[Date "2019.12.27"]
[Round "2"]
[White "Winkler, Sarah"]
[Black "Ramien, Hannah"]
[Result "1/2-1/2"]
[Termination "normal"]
[Board "5.2"]
[WhiteElo "1307"]
[BlackElo "1439"]
[WhiteTeam "SK Tarrasch 1945 München"]
[BlackTeam "Schachgemeinschaft Porz e. V."]
[PlyCount "71"]
[WhiteFideId "16274431"]
[BlackFideId "16209982"]
[EventCountry "GER"]
[EventRounds "7"]
[EventType "team-swiss"]
[EventDate "2019.12.26"]

1. e4 e5 2. Nf3 Nc6 3. Bc4 Be7 4. c3 Nf6 5. d3 O-O 6. O-O d6 7. Bb3 Kh8 8. Re1
Ng8 9. Nbd2 f5 10. h3 Nf6 11. Ng5 f4 12. Nf7+ Rxf7 13. Bxf7 Qf8 14. Bb3 Qe8 15.
Nf3 Nh5 16. d4 Qg6 17. Kh1 Nf6 18. Bc2 Bd7 19. Qd3 exd4 20. Bxf4 dxc3 21. Qxc3
Qf7 22. Bb3 Qe8 23. Ng5 h6 24. Nf3 Qf8 25. e5 dxe5 26. Nxe5 Be8 27. Nf3 Bb4 28.
Qe3 Bxe1 29. Rxe1 Bd7 30. Bxc7 Re8 31. Qd3 Rxe1+ 32. Nxe1 Qe7 33. Nf3 Bxh3 34.
Bd6 Qd7 35. Ng1 Bf5 36. Qd1 1/2-1/2

[Event "DVM U14w 2019"]
[Site "Neumünster GER"]
[Date "2019.12.27"]
[Round "2"]
[White "Sinner, Joselyne"]
[Black "Semenchenko, Simona"]
[Result "1-0"]
[Termination "normal"]
[Board "5.3"]
[WhiteElo "1407"]
[BlackElo "919"]
[WhiteTeam "Schachgemeinschaft Porz e. V."]
[BlackTeam "SK Tarrasch 1945 München"]
[PlyCount "65"]
[WhiteFideId "16210387"]
[BlackFideId "16298314"]
[EventCountry "GER"]
[EventRounds "7"]
[EventType "team-swiss"]
[EventDate "2019.12.26"]

1. e4 e6 2. d4 d5 3. exd5 exd5 4. Nf3 Nc6 5. Bd3 Bg4 6. c3 Bd6 7. O-O Nf6 8.
Re1+ Be6 9. Ng5 Qd7 10. Bf5 O-O 11. Nxe6 fxe6 12. Bxe6+ Qf7 13. Bxf7+ Rxf7 14.
Nd2 Raf8 15. Nf3 h6 16. Be3 Ng4 17. Qc2 Nxh2 18. Nxh2 Bxh2+ 19. Kxh2 Rf6 20.
Rh1 Rf5 21. g3 Ne7 22. Kg2 Rf3 23. Bf4 R3xf4 24. gxf4 Rxf4 25. Rh3 g5 26. Rah1
Rh4 27. Rxh4 gxh4 28. Rxh4 Kf7 29. Rxh6 Ng8 30. Qg6+ Ke7 31. Qxg8 Kd7 32. Qf7+
Kd8 33. Rh8# 1-0

[Event "DVM U14w 2019"]
[Site "Neumünster GER"]
[Date "2019.12.27"]
[Round "2"]
[White "Modali, Nikhilamrutha"]
[Black "Gossing, Marie-Sophie"]
[Result "1/2-1/2"]
[Termination "normal"]
[Board "6.2"]
[WhiteElo "1112"]
[BlackElo "1263"]
[WhiteTeam "Hamburger SK"]
[BlackTeam "Lübecker SV von 1873"]
[PlyCount "68"]
[WhiteFideId "16282370"]
[BlackFideId "16217284"]
[EventCountry "GER"]
[EventRounds "7"]
[EventType "team-swiss"]
[EventDate "2019.12.26"]

1. e4 e5 2. Nf3 Nf6 3. Nxe5 d6 4. Nf3 Nxe4 5. c4 g6 6. Nc3 Nf6 7. d4 Qe7+ 8.
Be2 Bg7 9. O-O O-O 10. Re1 Bf5 11. Nh4 Qd7 12. Bg5 Re8 13. g3 Nc6 14. Bxf6 Bxf6
15. Nd5 Bxh4 16. gxh4 Kg7 17. Kh1 Re4 18. Qc1 Rxd4 19. f3 h6 20. b4 Rxh4 21.
Qc3+ Nd4 22. Rad1 c5 23. f4 Be4+ 24. Kg1 Qh3 25. Qxh3 Rxh3 26. Bg4 Nf3+ 27. Kg2
Nxe1+ 28. Kxh3 Nc2 29. a3 Bf5 30. Bxf5 gxf5 31. Rg1+ Kf8 32. Nf6 Ke7 33. Nd5+
Kd7 34. Rg7 Rf8  1/2-1/2

[Event "DVM U14w 2019"]
[Site "Neumünster GER"]
[Date "2019.12.27"]
[Round "2"]
[White "Alscher, Anouk"]
[Black "Krasikova, Milana"]
[Result "1-0"]
[Termination "normal"]
[Board "6.3"]
[WhiteElo "1110"]
[BlackElo "1082"]
[WhiteTeam "Lübecker SV von 1873"]
[BlackTeam "Hamburger SK"]
[PlyCount "116"]
[WhiteFideId "16217292"]
[BlackFideId "16287347"]
[EventCountry "GER"]
[EventRounds "7"]
[EventType "team-swiss"]
[EventDate "2019.12.26"]

1. e4 e5 2. Nf3 Nc6 3. Bc4 Nf6 4. d3 Bc5 5. Nc3 d6 6. Bg5 Bg4 7. Nd5 Bxf3 8.
Qxf3 Nd4 9. Nxf6+ gxf6 10. Qh5 Qe7 11. Bh6 Nxc2+ 12. Kd2 Nxa1 13. Bg7 Rg8 14.
Qxh7 Rxg7 15. Qxg7 Bb4+ 16. Kc1 O-O-O 17. Kb1 c6 18. Kxa1 d5 19. exd5 cxd5 20.
Bb3 f5 21. Rc1+ Kb8 22. g3 e4 23. dxe4 Qxe4 24. Qxf7 Rc8 25. Rxc8+ Kxc8 26. a3
Bxa3 27. bxa3 Qd4+ 28. Ka2 Qd2+ 29. Kb1 Qe1+ 30. Kb2 Qxf2+ 31. Bc2 Qd4+ 32. Kc1
Qg1+ 33. Kb2 Qd4+ 34. Kb1 Qg1+ 35. Kb2 Qd4+ 36. Kb3 Qc4+ 37. Kb2 Qd4+ 38. Kc1
Qg1+ 39. Bd1 Qe3+ 40. Kc2 d4 41. Qxf5+ Kc7 42. Qc5+ Kd7 43. Qxa7 Qc3+ 44. Kb1
Qd3+ 45. Bc2 Qf1+ 46. Kb2 Qb5+ 47. Bb3 Qe2+ 48. Bc2 d3 49. Qd4+ Kc7 50. Qxd3
Qxh2 51. a4 Qh8+ 52. Qc3+ Qxc3+ 53. Kxc3 b6 54. g4 Kd7 55. g5 Ke7 56. g6 Kf6
57. Kc4 Ke6 58. Kb5 Kd7 1-0

[Event "DVM U14w 2019"]
[Site "Neumünster GER"]
[Date "2019.12.27"]
[Round "2"]
[White "Abram, Kristina-Maria"]
[Black "Rosin, Ida"]
[Result "1/2-1/2"]
[Termination "normal"]
[Board "6.4"]
[WhiteElo "868"]
[BlackElo "1389"]
[WhiteTeam "Hamburger SK"]
[BlackTeam "Lübecker SV von 1873"]
[PlyCount "84"]
[WhiteFideId "16298349"]
[BlackFideId "16273214"]
[EventCountry "GER"]
[EventRounds "7"]
[EventType "team-swiss"]
[EventDate "2019.12.26"]

1. e4 e5 2. Bc4 Nf6 3. d3 h6 4. Nf3 Nc6 5. Nc3 Bc5 6. O-O O-O 7. Be3 Bb6 8. d4
d6 9. d5 Ne7 10. Ne2 Bg4 11. Ng3 c5 12. h3 Bh5 13. Qd3 Bxf3 14. gxf3 Qd7 15.
Kg2 Ng6 16. Rh1 Nh4+ 17. Kf1 Nxf3 18. Bb5 Qc8 19. Nf5 Qc7 20. Qe2 Nxe4 21. Qxf3
Ng5 22. Bxg5 hxg5 23. h4 f6 24. Qh3 a6 25. Bc4 Kf7 26. hxg5 fxg5 27. Qh5+ Kf6
28. Qg4 Qd7 29. Rh5 Qxf5 30. Qxf5+ Kxf5 31. Ke2 Kg4 32. Rah1 g6 33. Rh7 Rab8
34. Rg1+ Kf5 35. Bd3+ Kf6 36. c4 Ba5 37. b3 b5 38. Ra7 Rb6 39. cxb5 Bc3 40.
bxa6 Bd4 41. Rb7 Rxb7 42. axb7 Rb8 1/2-1/2

[Event "DVM U14w 2019"]
[Site "Neumünster GER"]
[Date "2019.12.27"]
[Round "2"]
[White "Stepanjan, Marianne"]
[Black "Bone, Franziska"]
[Result "0-1"]
[Termination "normal"]
[Board "7.1"]
[WhiteElo "1414"]
[BlackElo "1115"]
[WhiteTeam "TuRa Harksheide von 1945 Norderstedt e.V."]
[BlackTeam "Schachgemeinschaft Turm Raesfeld/Erle"]
[PlyCount "70"]
[WhiteFideId "16246110"]
[BlackFideId "16261488"]
[EventCountry "GER"]
[EventRounds "7"]
[EventType "team-swiss"]
[EventDate "2019.12.26"]

1. e4 e5 2. Nf3 Nc6 3. Bb5 a6 4. Ba4 b5 5. Bb3 Nf6 6. O-O Bc5 7. Re1 d6 8. c3
O-O 9. d4 Bb6 10. Bg5 a5 11. Bd5 Bb7 12. dxe5 dxe5 13. Nxe5 Nxe5 14. Bxb7 Ra7
15. Bd5 Qd6 16. h3 Rd8 17. Bxf6 Qxf6 18. Qd2 a4 19. a3 c6 20. Ba2 Nd3 21. Rf1
Nxf2 22. Kh2 Qe5+ 23. g3 Nxe4 24. Rf4 Re7 25. Qc2 Qc5 26. Qc1 Nf2 27. Nd2 Nd3
28. Ne4 Qe5 29. Nf6+ Qxf6 30. Bxf7+ Qxf7 31. Rxf7 Re2+ 32. Rf2 Rxf2+ 33. Kh1
Nxc1 34. Rxc1 Rdd2 35. Rb1 Rh2# 0-1

[Event "DVM U14w 2019"]
[Site "Neumünster GER"]
[Date "2019.12.27"]
[Round "2"]
[White "Bone, Annalena"]
[Black "Foos, Vanessa"]
[Result "0-1"]
[Termination "normal"]
[Board "7.2"]
[WhiteElo "1109"]
[BlackElo "1309"]
[WhiteTeam "Schachgemeinschaft Turm Raesfeld/Erle"]
[BlackTeam "TuRa Harksheide von 1945 Norderstedt e.V."]
[PlyCount "60"]
[WhiteFideId "16284453"]
[BlackFideId "16245270"]
[EventCountry "GER"]
[EventRounds "7"]
[EventType "team-swiss"]
[EventDate "2019.12.26"]

1. e4 Nf6 2. Nc3 e5 3. Nf3 Nc6 4. Bc4 Bc5 5. d3 d6 6. h3 h6 7. Be3 Bxe3 8. fxe3
Be6 9. Bb3 Qd7 10. Qd2 Bxb3 11. axb3 O-O 12. O-O-O Rfb8 13. Rdg1 a5 14. g4 Ne8
15. h4 b5 16. g5 h5 17. Qe2 g6 18. Nd5 a4 19. Nf6+ Nxf6 20. gxf6 axb3 21. cxb3
Qe6 22. Nd2 Nb4 23. Qxh5 Ra1+ 24. Nb1 Qxf6 25. Qe2 Qe6 26. Qd1 Rb6 27. h5 Rc6+
28. Kd2 Rc2+ 29. Ke1 Nxd3+ 30. Kf1 Rf2# 0-1

[Event "DVM U14w 2019"]
[Site "Neumünster GER"]
[Date "2019.12.27"]
[Round "2"]
[White "Chen, Michelle"]
[Black "Lensing, Sienna"]
[Result "1-0"]
[Termination "normal"]
[Board "7.3"]
[WhiteElo "1072"]
[BlackElo "1085"]
[WhiteTeam "TuRa Harksheide von 1945 Norderstedt e.V."]
[BlackTeam "Schachgemeinschaft Turm Raesfeld/Erle"]
[PlyCount "69"]
[WhiteFideId "16275403"]
[BlackFideId "16298381"]
[EventCountry "GER"]
[EventRounds "7"]
[EventType "team-swiss"]
[EventDate "2019.12.26"]

1. d4 d5 2. c4 e6 3. Nc3 c5 4. e3 Nc6 5. Nf3 Nf6 6. b3 Be7 7. Ba3 b6 8. Bd3 O-O
9. O-O Qc7 10. Be2 Rd8 11. Qd3 g6 12. Bb2 e5 13. dxe5 Nxe5 14. Nxe5 Qxe5 15.
Nd1 Qd6 16. Nc3 Be6 17. Nb5 Qd7 18. h3 a6 19. Nc3 Rac8 20. cxd5 Nxd5 21. Nxd5
Bxd5 22. e4 Bb7 23. Qc3 Qd4 24. Qxd4 cxd4 25. Bd3 Rc7 26. Rac1 Rxc1 27. Rxc1
Bf6 28. Rc7 Ba8 29. Ra7 a5 30. Bc4 Bxe4 31. Rxf7 Kh8 32. Rxf6 Kg7 33. Rf7+ Kh6
34. Bc1+ Kh5 35. Rxh7# 1-0

[Event "DVM U14w 2019"]
[Site "Neumünster GER"]
[Date "2019.12.27"]
[Round "2"]
[White "Ipek, Meryem Zeynep"]
[Black "Striebeck, Liv"]
[Result "1-0"]
[Termination "normal"]
[Board "7.4"]
[WhiteElo "996"]
[BlackElo "790"]
[WhiteTeam "Schachgemeinschaft Turm Raesfeld/Erle"]
[BlackTeam "TuRa Harksheide von 1945 Norderstedt e.V."]
[PlyCount "99"]
[WhiteFideId "16298390"]
[BlackFideId "16275438"]
[EventCountry "GER"]
[EventRounds "7"]
[EventType "team-swiss"]
[EventDate "2019.12.26"]

1. e4 e5 2. Nf3 Nc6 3. Bc4 Bc5 4. Nc3 Nf6 5. h3 O-O 6. O-O d6 7. d3 Be6 8. Bxe6
fxe6 9. Be3 Bxe3 10. fxe3 Qe7 11. d4 Rad8 12. Qe1 Nb4 13. Qf2 Nc6 14. Rad1 Qf7
15. Ng5 Qe7 16. Qh4 h6 17. Nf3 Kh7 18. d5 exd5 19. Nxd5 Nxd5 20. exd5 Qxh4 21.
Nxh4 Ne7 22. e4 c6 23. c4 c5 24. a3 b6 25. b4 cxb4 26. axb4 g5 27. Nf3 Rc8 28.
Rc1 Rcd8 29. c5 Ng8 30. cxd6 Rxd6 31. Rc7+ Kg6 32. Nxe5+ Kh5 33. Rxf8 a5 34.
g4+ Kh4 35. Rxg8 Kg3 36. Rc3+ Kf4 37. Ng6+ Kxe4 38. Re8+ Kd4 39. Rb3 Rxg6 40.
Rd8 Kc4 41. Rb1 Rf6 42. d6 Kd5 43. Rd1+ Ke6 44. d7 Rf7 45. Re8+ Re7 46. d8=Q
Rxe8 47. Qxe8+ Kf6 48. Rd6+ Kg7 49. Qe7+ Kg8 50. Rd8# 1-0

[Event "DVM U14w 2019"]
[Site "Neumünster GER"]
[Date "2019.12.27"]
[Round "2"]
[White "Alferova, Emily"]
[Black "Bräutigam, Katerina"]
[Result "0-1"]
[Termination "normal"]
[Board "8.1"]
[WhiteElo "1352"]
[BlackElo "1660"]
[WhiteTeam "SC Garching 1980 e.V."]
[BlackTeam "Elmshorner SC von 1896"]
[PlyCount "84"]
[WhiteFideId "16265904"]
[BlackFideId "16242980"]
[EventCountry "GER"]
[EventRounds "7"]
[EventType "team-swiss"]
[EventDate "2019.12.26"]

1. e4 c6 2. d4 d5 3. exd5 cxd5 4. Bd3 Nc6 5. c3 Qc7 6. Ne2 Bg4 7. f3 Bd7 8. Bf4
Qb6 9. Qb3 Qxb3 10. axb3 Nf6 11. Ng3 h6 12. Na3 g5 13. Be5 Nxe5 14. dxe5 Ng8
15. Nb5 Bxb5 16. Bxb5+ Kd8 17. Rd1 e6 18. Nh5 a6 19. Be2 Kc7 20. b4 Ne7 21. Rd3
Ng6 22. Re3 Nf4 23. Nxf4 gxf4 24. Rd3 Bg7 25. Kf2 Bxe5 26. Rhd1 b5 27. R1d2 h5
28. b3 Kb6 29. c4 dxc4 30. bxc4 bxc4 31. Rd7 c3 32. Ra2 Rhc8 33. Bd3 a5 34. Be4
axb4 35. Bxa8 Rxa8 36. Re2 b3 37. Rxe5 c2 38. Re1 b2 39. Rdd1 cxd1=Q 40. Rxd1
Ra1 41. Rd6+ Kc7 42. Rd4 b1=Q 0-1

[Event "DVM U14w 2019"]
[Site "Neumünster GER"]
[Date "2019.12.27"]
[Round "2"]
[White "Margaryan, Susanna"]
[Black "Muhina, Liana"]
[Result "1-0"]
[Termination "normal"]
[Board "8.2"]
[WhiteElo "1395"]
[BlackElo "1272"]
[WhiteTeam "Elmshorner SC von 1896"]
[BlackTeam "SC Garching 1980 e.V."]
[PlyCount "119"]
[WhiteFideId "16268210"]
[BlackFideId "16266145"]
[EventCountry "GER"]
[EventRounds "7"]
[EventType "team-swiss"]
[EventDate "2019.12.26"]

1. d4 d5 2. c4 e6 3. cxd5 exd5 4. Nc3 Nf6 5. Bg5 Be7 6. Nf3 O-O 7. e3 Bg4 8.
Be2 Nc6 9. h3 Bh5 10. O-O h6 11. Bh4 Re8 12. Qb3 Rb8 13. Bxf6 Bxf6 14. Qxd5
Qxd5 15. Nxd5 Bxd4 16. Nxd4 Nxd4 17. Bxh5 Re5 18. exd4 Rxh5 19. Ne3 Rd8 20.
Rfd1 Rb5 21. Rab1 c6 22. a3 a5 23. b4 a4 24. Rbc1 Rb6 25. d5 cxd5 26. Nxd5 Rbd6
27. Nc3 Rxd1+ 28. Rxd1 Ra8 29. Rd7 b6 30. Rb7 Rc8 31. Nxa4 Rc1+ 32. Kh2 Ra1 33.
Rxb6 Rxa3 34. Nc5 Kf8 35. Ra6 Rxa6 36. Nxa6 Ke7 37. b5 Kd7 38. Kg3 Kc8 39. Kf4
Kb7 40. Ke5 Kb6 41. Kd6 Kxb5 42. Nc7+ Kc4 43. Ke7 Kd3 44. Kxf7 Ke2 45. Kxg7
Kxf2 46. g4 Kg3 47. Kxh6 Kxh3 48. g5 Kh4 49. g6 Kg4 50. g7 Kf4 51. g8=Q Ke4 52.
Qd8 Ke3 53. Qd5 Ke2 54. Kg5 Ke3 55. Kg4 Ke2 56. Qb3 Kd2 57. Kf4 Ke2 58. Qc2+
Ke1 59. Kf3 Kf1 60. Qf2# 1-0

[Event "DVM U14w 2019"]
[Site "Neumünster GER"]
[Date "2019.12.27"]
[Round "2"]
[White "Frowein, Katja"]
[Black "Neitzel, Emma"]
[Result "1-0"]
[Termination "normal"]
[Board "8.3"]
[WhiteElo "1271"]
[BlackElo "931"]
[WhiteTeam "SC Garching 1980 e.V."]
[BlackTeam "Elmshorner SC von 1896"]
[PlyCount "137"]
[WhiteFideId "16282949"]
[BlackFideId "16298373"]
[EventCountry "GER"]
[EventRounds "7"]
[EventType "team-swiss"]
[EventDate "2019.12.26"]

1. e4 d5 2. exd5 Qxd5 3. Nc3 Qa5 4. d4 c6 5. Nf3 Bg4 6. Bd3 Nf6 7. O-O e6 8. a3
Bd6 9. h3 Bxf3 10. Qxf3 O-O 11. Ne4 Nbd7 12. Nxd6 Qc7 13. Bf4 Nd5 14. Qg3 Nxf4
15. Qxf4 Nf6 16. Qg3 Rfd8 17. Ne4 Qxg3 18. Nxf6+ gxf6 19. fxg3 f5 20. c3 c5 21.
g4 cxd4 22. Rad1 fxg4 23. hxg4 dxc3 24. bxc3 Kf8 25. Bxh7 Rxd1 26. Rxd1 Kg7 27.
Be4 Rc8 28. Bxb7 Rxc3 29. a4 a5 30. Kf2 Rc4 31. Ra1 Rxg4 32. Bf3 Rc4 33. Bh5
Rc2+ 34. Kg3 Rc3+ 35. Kg4 Rc4+ 36. Kf3 Rc3+ 37. Ke4 Rc4+ 38. Kd3 Rc5 39. Bf3
Rc7 40. Re1 Rd7+ 41. Kc4 Rc7+ 42. Kb5 Ra7 43. Kb6 Re7 44. Kxa5 Ra7+ 45. Kb5 Kf6
46. a5 Rc7 47. Kb6 Rc8 48. a6 Rb8+ 49. Bb7 Rd8 50. a7 Rd6+ 51. Bc6 Rd8 52. a8=Q
Rxa8 53. Bxa8 Kf5 54. Rf1+ Kg6 55. Kc7 f5 56. Kd6 Kf6 57. g4 Kg6 58. gxf5+ exf5
59. Ke5 Kg5 60. Rxf5+ Kg4 61. Rf8 Kg3 62. Ke4 Kg2 63. Ke3+ Kg1 64. Ke2 Kh2 65.
Rg8 Kh3 66. Kf3 Kh2 67. Rg7 Kh1 68. Kf2+ Kh2 69. Rh7# 1-0